000 nam a22 7a 4500
999 _c127779
_d127779
008 180326b xxu||||| |||| 00| 0 eng d
050 _aL. GN378.A84
_bC381
100 _aCavendish, Marshall
_940979
245 _aAtlas of man
_cmarshall Cavendish
260 _aMadrid
_bMarshall Cavendish Books Limited
_c1981
300 _a272p. ;
_c30cm.
650 _aEthnology
_9128
942 _2lcc
_cMONOGRAPH